Normal view
MARC view
- Ramírez Jordán, Marcela
Entry Nombre Personal
001 - NUMERO DE CONTROL
- campo de control: 42763
003 - IDENTIFICADOR DE NUMERO DE CONTROL
- campo de control: DLC
005 - FECHA Y HORA DE LA ÜLTIMA TRANSACCIÓN
- campo de control: 20230301104233.0
008 - DATOS DE LONGITUD FIJA
- campo de control de longitud fija: 010323n| acannaabn |a aaa
010 ## - NÚMERO DE CONTROL DE LA BIBLIOTECA DEL CONGRESO
- Número de control LC: n 2008059471
040 ## - FUENTE DE CATALOGACIÓN
- Agencia original de catalogación: DLC
- Lenguaje de catalogación: spa
- Agencia de transcripción: DLC
- Agencia que lo modifica: MX-MxUPN
100 1# - ENCABEZAMIENTO - NOMBRE PERSONAL
- Nombre personal: Ramírez Jordán, Marcela
400 1# - VEÁSE - NOMBRE DE PERSONA
- Personal name: Jordán, Marcela Ramírez
670 ## - FUENTE EN LA QUE SE LOCALIZARON DATOS
- Cita de la fuente: Caracterización y expectativas del personal docente que participa en el Programa Primaria para Niños Migrantes, 2005:
- Información localizada: portada (Marcela Ramírez Jordán)
902 ## - CATALOGADOR
- Catalogador: NDAF/010323
